|
|
|
|
| LEADER |
00605nam a2200181 a 4500 |
| 001 |
000665002 |
| 003 |
CZ BrMZK |
| 005 |
20030415105442.0 |
| 008 |
030405s1949 xr f cze d |
| 040 |
|
|
|a BOA001
|b cze
|c BOA001
|
| 100 |
1 |
|
|a Záruba, Ladislav,
|d 1886-1963
|7 jk01152162
|4 aut
|
| 245 |
1 |
0 |
|a Mosty II :
|b stavba mostů kamenných a betonových /
|c napsal Ladislav Záruba
|
| 250 |
|
|
|a 2. vyd.
|
| 260 |
|
|
|a Brno :
|b Donátův fond,
|c 1949
|
| 300 |
|
|
|a 165 s.
|
| 910 |
|
|
|a BOA001
|b TK-A-0094.763
|
| 990 |
|
|
|a BK
|
| 996 |
7 |
|
|b 2629943468
|c TK-A-0094.763
|l MZK
|r Sklad / do 24 hodin
|n 6
|w 000665002
|u 000010
|a 1
|e BOA001
|j MZK50
|s A
|